Kenton Duty Quiz Stats

Quiz not verified by Sporcle

Challenge
Share
Tweet
Embed
Score 0/8 Timer 05:00
0 Plays Today
Question Answer % Correct
What Disney Channel show is he on?Shake It Up
94.5%
Who is his TV sister?Tinka Hessenheffer
84.5%
Who is his character?Gunther Hessenheffer
83.6%
What instrument does he play?Guitar
80%
Where is he from?Texas
77.3%
When is Kenton Duty's birthday?May 12, 1995
73.6%
How old are his two sisters (that are twins)?11 years old
71.8%
What is his full name?Jeffery Kenton Duty
62.7%

You're not logged in!

Compare scores with friends on all Sporcle quizzes.
Join for Free
OR
Log In

You Might Also Like...

Show Comments

Extras

Created Mar 30, 2011ReportNominate

Top Quizzes Today


Score Distribution

Your Account Isn't Verified!

In order to create a playlist on Sporcle, you need to verify the email address you used during registration. Go to your Sporcle Settings to finish the process.

Report this User

Report this user for behavior that violates our Community Guidelines.

Details: